Представление документа в формате MARC21

Поле Инд. ПП Название Значение
Тип записи a
Библиографический уровень b
001 Контрольный номер RU/IS/BASE/329314591
005 Дата корректировки 20200610181726.4
008 Кодируемые данные 20100608
040 b Код языка каталог. rus
e Правила каталог. PSBO
041 0_ a Код языка текста rus
084 a Индекс другой классификации/Индекс ББК 83.3(4Пол)6-004
100 1_ a Автор Мудрагей Н. С.
q Полное имя Мудрагей Нелли Степановна
245 10 a Заглавие Почему электроны не лягаются, по крайней мере в одиночку?
b Продолж. заглавия (Литературно-философская композиция по мотивам произведений Станислава Лема "Звездные дневники Ийона Тихого" и "Кибериада")
504 a Библиография Библиогр. - Примеч.: с. 159 - 160
600 14 a Персоналии Лем Станислав
650 04 a Основная рубрика история литературы
a Основная рубрика литературоведение
a Основная рубрика филологические науки
a Основная рубрика философия
653 0_ a Ключевые слова "Звездные дневники Ийона Тихого"
a Ключевые слова "Кибериада"
a Ключевые слова XX век
a Ключевые слова Польша
a Ключевые слова проза
a Ключевые слова фантастика
773 08 t Заглавие источника Вопросы философии
d Дата издания источника 2010
g Прочая информация № 3. - С. 148 - 160
w Контрольный № источника RU/IS/BASE/322678209
901 t Тип документа b